<?xml version="1.0" encoding="UTF-8"?>
<record
    xmlns:xsi="http://www.w3.org/2001/XMLSchema-instance"
    xsi:schemaLocation="http://www.loc.gov/MARC21/slim http://www.loc.gov/standards/marcxml/schema/MARC21slim.xsd"
    xmlns="http://www.loc.gov/MARC21/slim">

  <leader>00544nam a22001817a 4500</leader>
  <controlfield tag="005">20260504110438.0</controlfield>
  <controlfield tag="008">260504b        |||||||| |||| 00| 0 eng d</controlfield>
  <datafield tag="020" ind1=" " ind2=" ">
    <subfield code="a">978-1-118-73409-4</subfield>
  </datafield>
  <datafield tag="082" ind1=" " ind2=" ">
    <subfield code="a">657.3</subfield>
    <subfield code="b">MAC-W</subfield>
  </datafield>
  <datafield tag="100" ind1=" " ind2=" ">
    <subfield code="a">Mackenzie, Bruce </subfield>
  </datafield>
  <datafield tag="245" ind1=" " ind2=" ">
    <subfield code="a">Wiley IFRS 2014:</subfield>
    <subfield code="b">Interpretation and Application of International Financial Reporting Standards</subfield>
  </datafield>
  <datafield tag="260" ind1=" " ind2=" ">
    <subfield code="a">New Jersey</subfield>
    <subfield code="b">John Wiley &amp; Sons, Inc.</subfield>
    <subfield code="c">2014 </subfield>
  </datafield>
  <datafield tag="300" ind1=" " ind2=" ">
    <subfield code="a">1067 p.</subfield>
  </datafield>
  <datafield tag="500" ind1=" " ind2=" ">
    <subfield code="a">Includes Index.</subfield>
  </datafield>
  <datafield tag="650" ind1=" " ind2=" ">
    <subfield code="a">Financial accounting</subfield>
  </datafield>
  <datafield tag="650" ind1=" " ind2=" ">
    <subfield code="a">Accounting</subfield>
  </datafield>
  <datafield tag="942" ind1=" " ind2=" ">
    <subfield code="c">BK</subfield>
  </datafield>
  <datafield tag="999" ind1=" " ind2=" ">
    <subfield code="c">47477</subfield>
    <subfield code="d">47477</subfield>
  </datafield>
  <datafield tag="952" ind1=" " ind2=" ">
    <subfield code="0">0</subfield>
    <subfield code="w">2026-05-04</subfield>
    <subfield code="1">0</subfield>
    <subfield code="4">0</subfield>
    <subfield code="7">0</subfield>
    <subfield code="8">Accounting</subfield>
    <subfield code="a">AUKC</subfield>
    <subfield code="b">AUKC</subfield>
    <subfield code="c">Finance</subfield>
    <subfield code="d">2026-04-09</subfield>
    <subfield code="e">Ali Book Services</subfield>
    <subfield code="g">5560.00</subfield>
    <subfield code="i">KA/10221</subfield>
    <subfield code="l">0</subfield>
    <subfield code="o">657.3 MAC-W</subfield>
    <subfield code="p">AUKHP0622</subfield>
    <subfield code="r">2026-05-04 11:05:00</subfield>
    <subfield code="y">BK</subfield>
  </datafield>
  <datafield tag="952" ind1=" " ind2=" ">
    <subfield code="0">0</subfield>
    <subfield code="w">2026-05-04</subfield>
    <subfield code="1">0</subfield>
    <subfield code="4">0</subfield>
    <subfield code="7">0</subfield>
    <subfield code="8">Accounting</subfield>
    <subfield code="a">AUKC</subfield>
    <subfield code="b">AUKC</subfield>
    <subfield code="c">Finance</subfield>
    <subfield code="d">2026-04-09</subfield>
    <subfield code="e">Ali Book Services</subfield>
    <subfield code="g">5560.00</subfield>
    <subfield code="i">KA/10221</subfield>
    <subfield code="l">0</subfield>
    <subfield code="o">657.3 MAC-W</subfield>
    <subfield code="p">AUKHP0623</subfield>
    <subfield code="r">2026-05-04 11:05:00</subfield>
    <subfield code="y">BK</subfield>
  </datafield>
</record>
